Holiday Quiz

Random Holiday or Humor Quiz

When Valentine's Day Dates Other Holidays Quiz Stats

 Plays Quiz Updated Feb 14, 2019

     
Support Sporcle.
Go Orange.
Score 0/20 Timer 07:00
0 Plays Today
% Correct
Christmas Day
91.7%
April Fools' Day
91.5%
Fathers' Day
90.2%
Mothers' Day
90.1%
Easter
90.1%
Pi Day
89.6%
New Year's Eve
89.4%
Halloween
89.3%
Earth Day
89.2%
Oktoberfest
89.1%
% Correct
Groundhog Day
88.9%
US Independence Day
88.2%
Thanksgiving
87.8%
Election Day
87.5%
St. Patrick's Day
87.3%
Presidents' Day
87.2%
Hanukkah
84.1%
Ash Wednesday
83.6%
Labor Day|May Day
81.1%
Passover
75%

From the Vault

Counting Geography Groups

by BillyJoelRulez

This is Sporcle's version of 'Group Learning'.
Remove Ads.
Support Sporcle.
Get the best of Sporcle when you Go Orange. This ad-free experience offers more features, more stats, and more fun while also helping to support Sporcle. Thank you for becoming a member.

Show Comments

Extras

Top Quizzes Today


Score Distribution

Your Account Isn't Verified!

In order to create a playlist on Sporcle, you need to verify the email address you used during registration. Go to your Sporcle Settings to finish the process.

Report this User

Report this user for behavior that violates our Community Guidelines.

Details: